000 00649cam a2200241 a 4500
001 3259803
005 20250825125209.0
008 810403s1981 nyua b 001 0 eng
020 _a0060443839
020 _a9780060443832
050 0 0 _aBF121
_b.R75 1981
082 0 0 _a150
_219
100 1 _aRubin, Zick.
245 1 4 _aThe psychology of being human /
_cZick Rubin, Elton B. McNeil.
250 _a3rd ed.
260 _aNew York, N.Y. :
_bHarper & Row,
_cc1981.
300 _axx, 664 p. :
_bill. ;
_c29 cm.
500 _aIncludes index.
650 0 _aPsychology.
650 2 _aPsychology.
700 1 _aMcNeil, Elton B.
942 _2lcc
_cBK
_n0
999 _c7365
_d7365